Living with diversity : (Record no. 4361)

MARC details
000 -LEADER
fixed length control field 00566 a2200181 4500
010 ## - LCCN (DPL NO)
LC control number ENG-86167
020 ## - INTERNATIONAL STANDARD BOOK NUMBER
International Standard Book Number 8179860531
Terms of availability 400.00
035 ## - SYSTEM CONTROL NUMBER
System control number EN-69700
037 ## - SOURCE OF ACQUISITION
Source of stock number/acquisition DBAD / PUB
082 14 - DEWEY DECIMAL CLASSIFICATION NUMBER
Classification number 634.9
100 1# - MAIN ENTRY--PERSONAL NAME
Personal name Vasan, Sudha
245 1# - TITLE STATEMENT
Title Living with diversity :
Statement of responsibility, etc by Sudha Vasan
Remainder of title forestry institutions in the western Himalaya /
260 ## - PUBLICATION, DISTRIBUTION, ETC. (IMPRINT)
Place of publication, distribution, etc Shimla
Name of publisher, distributor, etc Indian Institute of Advanced Study
Date of publication, distribution, etc 2006
270 ## - ADDRESS
Address Rastrapati Nivas
City Shimla
300 ## - PHYSICAL DESCRIPTION
Extent xviii, 273 p.
Dimensions 22cm. (Hb.)
500 ## - GENERAL NOTE
General note Includes index
942 ## - ADDED ENTRY ELEMENTS (KOHA)
Institution code [OBSOLETE] dpl
Item type English Books
Source of classification or shelving scheme Dewey Decimal Classification
Classification part 634.9
Call number suffix SUD
Holdings
Withdrawn status Lost status Not for loan Collection code Home library Current library Source of acquisition Cost, normal purchase price Full call number Barcode Copy number Cost, replacement price Koha item type
    Not For Loan Non-fiction D.B.Act.Division D.B.Act.Division DBAD/PUB 400.00 634.9 SUD EN-69700 1 400.00 English Books

© Delhi Public Library
Hit Counter
free hit counter